[Event "Foment Martinenc op-B 21st"]
[Site "Barcelona"]
[Date "2019.06.22"]
[Round "9"]
[White "Arias Aranda, Guillem"]
[Black "De Santiago Gordo, Abel"]
[Result "0-1"]
[WhiteElo "1649"]
[BlackElo "1582"]
[PlyCount "48"]
[EventDate "2019.04.27"]
[EventType "swiss"]
[EventRounds "9"]
[EventCountry "ESP"]
[SourceTitle "EXT 2020"]
[Source "ChessBase"]
[SourceDate "2019.10.17"]
[SourceVersion "1"]
[SourceVersionDate "2019.10.17"]
[SourceQuality "1"]

1. e4 c5 2. Nf3 d6 3. d4 cxd4 4. Nxd4 Nf6 5. Nc3 g6 6. Be3 Bg7 7. f3 0-0 8. Qd2 Nc6 9. 0-0-0 Bd7 10. g4 Ne5 11. h4 h5 12. gxh5 Nxh5 13. Bh6 Rc8 14. Bxg7 Kxg7 15. Nf5+ Bxf5 16. exf5 Nxf3 17. Qg2 Ne5 18. Rg1 Kh7 19. fxg6+ fxg6 20. Ne4 Qb6 21. Ng5+ Kh8 22. Ne6 Rf2 23. Qe4 Rcxc2+ 24. Qxc2 Rxc2+ 0-1

[Event "Foment Martinenc op-C 19st"]
[Site "Barcelona"]
[Date "2017.05.06"]
[Round "3.17"]
[White "Bermejo Cuadra, Robert"]
[Black "De Santiago Gordo, Abel"]
[Result "0-1"]
[WhiteElo "1682"]
[BlackElo "1824"]
[PlyCount "70"]
[EventDate "2017.04.22"]
[EventType "swiss"]
[EventRounds "9"]
[EventCountry "ESP"]
[SourceTitle "EXT 2024"]
[Source "ChessBase"]
[SourceDate "2023.10.10"]
[SourceVersion "1"]
[SourceVersionDate "2023.10.10"]
[SourceQuality "1"]

1. e4 c5 2. Nf3 d6 3. d4 cxd4 4. Nxd4 Nf6 5. Bb5+ Bd7 6. Nc3 g6 7. 0-0 Bg7 8. f4 Bxb5 9. Ndxb5 Qb6+ 10. Kh1 Nxe4 11. Qe2 Nxc3 12. bxc3 0-0 13. Be3 Qa6 14. Qc4 Qc6 15. Qxc6 Nxc6 16. Rad1 a6 17. Nd4 Rac8 18. f5 Nxd4 19. Bxd4 Bxd4 20. Rxd4 Rxc3 21. Rd2 Rfc8 22. fxg6 hxg6 23. h3 Rxc2 24. Rff2 Rxd2 25. Rxd2 Rc5 26. g4 Rc3 27. Kg2 b5 28. Rb2 Re3 29. Rc2 b4 30. Rc8+ Kg7 31. Rc4 a5 32. h4 Rc3 33. Re4 Rc2+ 34. Kf3 Rc3+ 35. Kf4 e5+ 0-1